| 000 | 00755nam a2200205 4500 | ||
|---|---|---|---|
| 003 | CO-ViMGA | ||
| 020 | _a958-8205-71-9 | ||
| 040 |
_aCO-ViMGA _bspa _cCO-ViMGA |
||
| 082 | 0 | 4 |
_a796.07 _bF67i |
| 100 | 1 |
_aForero Bulla, Clara María _97759 |
|
| 245 | 1 | 0 |
_aLos imaginarios de los jóvenes ante la educación física : _bla educación física, una oportunidad de encontrarnos con nosotros mismos y con el otro / _cClara Maria Forero Bulla ... [et al.] |
| 260 |
_aBogotá : _bUniversidad Cooperativa de Colombia, _c2005. |
||
| 300 |
_a99 p. : _b24 cm. |
||
| 490 | _aInvestigación | ||
| 500 | _aBibliografía: p. 97-99 | ||
| 650 | 1 | 4 |
_aDeportes _97762 |
| 650 | 1 | 4 |
_aEducación física _97760 |
| 650 | 1 | 4 |
_aEducación psicomotriz _97761 |
| 942 |
_2ddc _cBK |
||
| 999 |
_c37783 _d37783 |
||